00429cam a22001337a 4500008004000000020001800040100002100058245005500079260002700134300001000161650003100171999001900202952007400221180718b1998 xxu||||| |||| 00| 0 eng d a81 7044 455 x aSharma, Devkanta aKoutilya ke prashasanik vicharcby Devkanta Sharma aJaipurbPrintvelc1998 a309p. aKoutilya-political thought c438820d438820 00104070aIIPAbIIPAd2010-04-16p73695r2018-07-21w2018-07-21yBK